Statistics for Every 5 & 6 Final CFP Ranked Team

Click here to take the quiz!

General Stats

  • This quiz has been taken 29 times
    (9 since last reset)
  • The average score is 17 of 20

Answer Stats

HintAnswer% Correct
2023 5Alabama
100%
2024 5Florida St
100%
2024 6Georgia
100%
2019 5Georgia
100%
2020 5Georgia
100%
2017 6Michigan
100%
2018 5Ohio St
100%
2019 6Ohio St
100%
2022 6Ohio St
100%
2021 6Oklahoma
100%
2015 6TCU
100%
2015 5Baylor
89%
2017 5Penn St
89%
2020 6Oregon
78%
2016 5Iowa
67%
2023 6Tennessee
67%
2021 5Texas A&M
67%
2018 6Wisconsin
67%
2022 5Notre Dame
56%
2016 6Stanford
33%

Score Distribution

Percentile by Number Answered

Percent of People with Each Score

Your Score History

You have not taken this quiz since the last reset